000 01024nam a22003138i 4500
999 _c29086
_d29057
001 019766847
003 EG-ScBUE
005 20210419101029.0
008 200302t1992 enka f b 001 0 eng d
020 _a9781789940374 (pbk.)
040 _aStDuBDS
_beng
_erda
_cStDuBDS
_dEG-ScBUE
082 0 4 _a741.2
_bSIM
_222
100 1 _aSimpson, Ian,
_d1933-2011,
_eauthor.
245 1 0 _aDrawing, seeing and observation /
_cIan Simpson.
250 _aNew edition.
264 1 _aLondon, UK :
_bHerbert Press :
_bBloomsbury Publishing Plc,
_c[1992]
264 4 _cc1992
300 _a206 pages :
_billustrations ;
_c28 cm
336 _atext
_2rdacontent
_btxt
336 _astill image
_2rdacontent
_btxt
337 _aunmediated
_2rdamedia
_bn
338 _avolume
_2rdacarrier
_bnc
500 _aPrevious edition: London: A. & C. Black, 2003.
504 _aIncludes bibliographical references and index.
650 7 _aDrawing
_xTechnique.
_2BUEsh
653 _bGGEN
_cApril2021
655 _vReading book
_934232
942 _2ddc
_cBB